La explicación en las ciencias de la conducta
Uloženo v:
| Hlavní autoři: | , , , , , , |
|---|---|
| Médium: | Kniha |
| Jazyk: | španělština |
| Vydáno: |
Madrid
Alianza
1982
|
| Vydání: | 2a. ed |
| Edice: | Alianza Universidad, 71
|
| Témata: | |
| Tagy: |
Přidat tag
Žádné tagy, Buďte první, kdo vytvoří štítek k tomuto záznamu!
|
MARC
| LEADER | 00000nam a2200000 a 4500 | ||
|---|---|---|---|
| 001 | UCT0404 | ||
| 003 | CL-VaPUC | ||
| 008 | 960830e19820000SP |||||||||||||||||spa|d | ||
| 082 | 0 | 4 | |a 150.9 |b CHO |2 21 |
| 100 | 0 | |a Chomsky, Noam |e author |9 320717 | |
| 700 | 0 | |a Toulmin, Stephen |e author |9 369062 | |
| 700 | 0 | |a Watkins, John |e author |9 369063 | |
| 700 | 0 | |a Jarvie, I. C |e author |9 369064 | |
| 700 | 0 | |a Boakes, R. A |e author |9 369065 | |
| 700 | 0 | |a Halliday, M. S |e author |9 369066 | |
| 700 | 0 | |a Cioffi, Frank |e author |9 369067 | |
| 245 | 1 | 3 | |a La explicación en las ciencias de la conducta |
| 250 | |a 2a. ed | ||
| 300 | |a 378 p | ||
| 942 | |c BK | ||
| 945 | |d 19960830 00:00:00 |a nastorga | ||
| 260 | |a Madrid |b Alianza |c 1982 | ||
| 600 | 0 | |a Freud, Sigmund |e author |9 307892 | |
| 650 | 0 | |a Conducta humana |9 269906 | |
| 650 | 0 | |a Comportamiento social |9 334200 | |
| 650 | 0 | |a Conducta |9 269782 | |
| 650 | 7 | |a RACIONAMIENTO |2 CL-VaPUC |9 369068 | |
| 650 | 7 | |a RACIONALIZACION |2 CL-VaPUC |9 335890 | |
| 650 | 0 | |a Sociología |9 255410 | |
| 650 | 0 | |a Antropología |9 233030 | |
| 650 | 0 | |a Conciencia |9 309452 | |
| 650 | 0 | |a Psicología |9 257863 | |
| 583 | |a last modification |c 19960830 00:00:00 |k Rodrigo Vera | ||
| 490 | 0 | |a Alianza Universidad, 71 | |
| 999 | |c 251407 |d 251405 | ||
| 952 | |0 0 |1 0 |4 0 |6 150_900000000000000_CHO_1982 |7 0 |8 A |9 270523 |a BIBEDU |b BIBEDU |d 2019-11-19 |i 322614K |o 150.9 CHO 1982 |p 322614K |r 2019-11-19 |w 2019-11-19 |y BK |k EDU | ||